ბათუმის შოთა რუსთაველის სახელმწიფო უნივერსიტეტის ბიბლიოთეკა

Экономика: современная экономическая наука в понятиях и терминах (ბიბ.ჩანაწერი № 37212)

000 -LEADER
fixed length control field 00724nam a2200241Ia 4500
001 - CONTROL NUMBER
control field 3169
003 - CONTROL NUMBER IDENTIFIER
control field GE_BSU
008 - FIXED-LENGTH DATA ELEMENTS--GENERAL INFORMATION
fixed length control field 181216s||||||||xx |||||||||||||| ||und||
020 ## - INTERNATIONAL STANDARD BOOK NUMBER
International Standard Book Number 5779700710
040 ## - CATALOGING SOURCE
Transcribing agency GE_BSU
080 ## - UNIVERSAL DECIMAL CLASSIFICATION NUMBER
Universal Decimal Classification number 33(035)(075)
100 ## - MAIN ENTRY--PERSONAL NAME
Personal name Василевский А. И.
245 ## - TITLE STATEMENT
Title Экономика: современная экономическая наука в понятиях и терминах
245 ## - TITLE STATEMENT
Remainder of title Школьный справочник.
245 ## - TITLE STATEMENT
Statement of responsibility, etc. ред. Д. В. Махровская
260 ## - PUBLICATION, DISTRIBUTION, ETC.
Place of publication, distribution, etc. Ярослав
260 ## - PUBLICATION, DISTRIBUTION, ETC.
Name of publisher, distributor, etc. Академия развития
260 ## - PUBLICATION, DISTRIBUTION, ETC.
Date of publication, distribution, etc. 1997
300 ## - PHYSICAL DESCRIPTION
Extent 256 с.
653 ## - INDEX TERM--UNCONTROLLED
Uncontrolled term Экономика
942 ## - ADDED ENTRY ELEMENTS (KOHA)
Koha item type წიგნი
ეგზემპლარები
Withdrawn status Lost status Damaged status Not for loan Date acquired Barcode Date last seen Price effective from Koha item type Public note
        2018-12-17 8275 2018-12-17 2018-12-17 წიგნი დარბაზი
        2018-12-17 8276 2018-12-17 2018-12-17 წიგნი დარბაზი